| 000 | 00584nam a2200205 i 4500 | ||
|---|---|---|---|
| 001 | 105595 | ||
| 003 | ES-MaACL | ||
| 005 | 20250702063052.0 | ||
| 007 | t| | ||
| 008 | 060726s1955 ag ||||1| spa d | ||
| 080 | _a821.134.2(728.1)-31"19" | ||
| 100 | 1 |
_aAsturias, Miguel Ángel, _d1899-1974 _923701 |
|
| 245 | 1 | 0 |
_aViento fuerte / _cMiguel Angel Asturias. |
| 250 | _a2ª ed. | ||
| 260 |
_aBuenos Aires : _bLosada, _c1955. |
||
| 300 |
_a204 p. ; _c20 cm. |
||
| 500 | _aBiblioteca Juan Andrade. | ||
| 852 |
_aES-MaACL _jAND-395 _bR.109699 |
||
| 999 |
_c105595 _d105595 |
||